000 00506nam a2200205Ia 4500
003 OSt
005 20140311163115.0
008 140130s9999 xx 000 0 und d
020 _a0439841194
050 _aPZ 7
_b.St857Wc 2007
100 _aStilton, Geronimo
245 _aWedding crasher /
_cGeronimo Stilton.
260 _bScholastic,
_c2007
_aNew York :
300 _a110 p. :
_bcol. ill. ;
_c18 cm.
440 _v1
_931174
521 _aG3
526 _c580
942 _cBK
_2lcc
999 _c40719
_d40719